00294 a2200097 4500001001000000005001700010008004100027245004200068100003100110773005500141ART_3958620260410162000.0260409a 10aLa esperanza en la condición humana1 aNicoletti, Víctor René0 tPropuestasg- Año 1, Nº 1 (jun. 1995)wREV28258